| 000 | 01091nam a22003257a 4500 | ||
|---|---|---|---|
| 999 |
_c330 _d330 |
||
| 001 | 000880 | ||
| 003 | CoMeUDC000880 | ||
| 005 | 20181211184507.0 | ||
| 008 | 130821s2001 ck ab gr spa | ||
| 020 | _a9587010760 | ||
| 040 |
_aCo-BoUCM _bspa _cCoMeUDC |
||
| 041 | 0 | 0 | _aspa |
| 082 | 0 | 4 |
_a986.1 _220 _bP153n |
| 245 | 0 | 0 |
_aNaturaleza en disputa ensayos de historia ambiental de Colombia 1850-1995 / _cGermán Palacio... [et al.] |
| 260 |
_aBogotá (Colombia) _bUniversidad Nacional de Colombia _c2001 |
||
| 300 |
_a480 páginas _bilustraciones, mapas, col |
||
| 490 | _aHistoria y Ambiente | ||
| 504 | _aIncluye bibliografía | ||
| 650 | 0 | 4 |
_aHistoria de Colombia _926508 |
| 650 | 0 | 4 |
_aHistoria de Colombia _vEnsayos _926508 |
| 651 | 7 |
_aColombia _xMedio ambiente _vEnsayos _926606 |
|
| 700 | 1 | _aCarrizosa, Julio | |
| 700 | 1 | _aGonzalez, Juan Manuel | |
| 700 | 1 | _aMarquez, Germán | |
| 700 | 1 | _aMontayo, Camilo | |
| 700 | 1 | _aPalacio, German | |
| 700 | 1 | _aPalacios, Luis Carlos | |
| 700 | 1 | _aYepes Perez, Fabio | |
| 942 |
_cBK _a21 _e1 _2ddc _h986.1 _iP153n |
||